Дело об ослушании крестьян села Пичкас с деревнями против распоряжения о холере

RUSMARC
00004075cbc2a2200000#x 450
0014d0e29b7-97f7-481b-a4de-ff4cd4fe6de2
00520200917141444.0
100##$a20151203l18311831k l0rusy0189 ca
1010#$arus
102##$aRU
2001#$aДело об ослушании крестьян села Пичкас с деревнями против распоряжения о холере
$j26 октября - 4 ноября 1831 г.
251##$cДело
300##$aРукописный текст
801#0$aRU
$bРГИА
$c20151203
801#1$aRU
$bГлавНИВЦ
$c20151203
$2rusmarc
801#2$aRU
$bПБ им. Б.Н. Ельцина
$c20160621
$2rusmarc
850##$aФедеральное казенное учреждение "Российский государственный исторический архив" (РГИА)
852##$aРГИА
$j435
937##$hРГИА
$d12173531
$aASBIBLIO_SCAN
462#0$1001f26ab05c-f459-4b30-81e3-da85d126d87d
$12001
$a1830-1834 гг. Дела Департамента полиции исполнительной МВД за 1831 г.
$vД. 435
$1251
$cОпись
$1852
$j5
215##$a33 листа
$d36,5х26 см
105##$ay###
1222#$ad18311026##
$ad18311104##
461#0$10013e300ed0-cd39-49af-8489-5ba5b90fa401
$12001
$aДепартамент полиции исполнительной МВД
$1251
$cФонд
$1852
$j1286
035##$a4d0e29b7-97f7-481b-a4de-ff4cd4fe6de2
605##$2acquisition_Prlib
$3LIBNET\UAF\0000089563
$aПредупреждение и борьба с эпидемиями в России
$lколлекция
6061#$2prlib_sh
$3LIBNET\UAF\0000084139
$aХолера
$jДокументы и материалы
$xЭпидемии
$yКазанская губерния
686##$a63.3(28-8Каз)52ю1
$2rubbk
$vLBC/M
Формат отображения